Responses for Show #2147 - Tuesday, December 28, 1993

Contestants

[<< previous game]

George Chesney, a small business owner from Tempe, Arizona

Norm Horner, an elementary school teacher from Pointe-Claire, Canada

Debbie Peryea, a waitress from Keeseville, New York (whose 1-day cash winnings total $8,199)

[next game >>]

Jeopardy! Round responses

BIOLOGY
TV NURSES
FOOD & DRINK
MUSICAL INSTRUMENTS
RELATIVES
WORDS OFF THE MAP
    $100 14
their eggs

Debbie
    $100 1
Star Trek

Debbie
    $100 15
a Caesar salad

Norm
    $100 4
China

Norm
    $100 19
(George: What is a tree?)

a family tree

DebbieGeorge
    $100 8
Cologne

Norm
    $200 27
leaves

Norm
    $200 2
Hot Lips Houlihan

Debbie
    $200 17
(George: What is Portugal?)

Spain

George
Triple Stumper
    $200 5
a saw

Debbie
    $200 20
removed

George
    $200 9
Canterbury

Debbie
    $300 28
a tooth

George
    $300 3
McHale's Navy

Norm
    $300 18
(George: What is grey?)
(Norm: What is green?)

black

NormGeorge
Triple Stumper
    $300 7
Indonesia

George
    $300 24
a nephew

Norm
    $300 10
Croatia

Debbie
    $400 29
(Norm: What is a shark?)

a fish

DebbieNorm
    $400 6
St. Elsewhere

Norm
    $400 21
almond

Debbie
    $400 12
the trumpet

Norm
    $400 25
an aunt

George
    $400 16
(Norm: What is Damascus?)

damask

DebbieNorm
    $500 30
a compost heap

George
    $500 11
Diahann Carroll

Norm
    $500 22
carob

George
    $500 13
Italy

George
    $800 26
great-great-grandmother

George
    $500 23
Afghans

Norm

Scores at the first commercial break (after clue 15):

Debbie Norm George
$1,100 $1,900 $800

Scores at the end of the Jeopardy! Round:

Debbie Norm George
$2,400 $1,800 $2,900

Double Jeopardy! Round responses

HISTORY
LANGUAGES
COMPOSERS
INVENTORS
GOVERNMENT & POLITICS
BOOKS & AUTHORS
    $200 4
the Suez Canal

Debbie
    $200 12
(Debbie: What is music?)

Esperanto

DebbieGeorge
    $200 1
(George) Gershwin

Debbie
    $200 6
(George: What is an electroencephalogram?)
...
(Alex: George, you were so close. You gave me what the [*] produces. You gave me the gram instead of the graph.)

electroencephalograph

George
Triple Stumper
    $200 18
NASA

George
    $200 3
Erma Bombeck

George
    $400 8
the Reign of Terror

George
    $400 13
Iceland

George
    $400 2
Andrew Lloyd Webber

Debbie
    $400 7
the toilet

George
    $400 19
the Department of the Interior

George
    $400 5
George Plimpton

Norm
    $600 9
Israel

George
    $600 14
Holland (the Netherlands)

George
    $600 16
Verdi

Norm
    $600 17
Nobel

George
    $600 20
Georgia

George
    $600 22
gardening

Norm
    $800 10
(Norm: Who was Peter the Great?)

Ivan the Terrible

NormGeorge
    $800 15
(Norm: What is Wales?) [Accepted without remark]

Welsh

Norm
    $800 27
(Debbie: What is Greece?)

Scotland

DebbieNorm
    $800 23
(Alex: At that time called the Haloid Company.)

Xerox

Norm
    $800 21
(George: What is Denver?)
(Norm: What is Colorado Springs?)

Pueblo

DebbieNormGeorge
    $800 28
Barbara Cartland

Debbie
    $1000 11
Belgium

Norm
    $1000 26
Egypt

Norm
    $1000 30
(Norm: Who is Johann Strauss?)

Franz Schubert

Norm
Triple Stumper
    $1000 24
a submarine

George
    $1,300 25
Everett Dirksen

George
    $3,000 29
Margaret Mead

Debbie

Scores at the end of the Double Jeopardy! Round:

Debbie Norm George
$6,800 $5,200 $9,600

[wagering suggestions for these scores]

Final Jeopardy! Round responses

WOMEN IN BUSINESS
NormWho is Helena Rubinstein?
$5,100
DebbieWho Estee Lauder?
$6,000
GeorgeWho is Estee Lauder?
$4,001
Estée Lauder

Final scores:

Debbie Norm George
$12,800 $100 $13,601
2nd place: trip to Maui, Hawaii 3rd place: Wallace Silversmiths silver serving dish New champion: $13,601

Game dynamics:

Coryat scores:

Debbie Norm George
$4,800 $5,200 $9,000
16 R
(including 1 DD),
2 W
18 R,
6 W
22 R
(including 2 DDs),
5 W

Combined Coryat: $19,000

[game clues] [game scores] [suggest correction]

Game tape date: 1993-09-20
The J! Archive is created by fans, for fans. Scraping, republication, monetization, and malicious use prohibited; this site may use cookies and collect identifying information. See terms. The Jeopardy! game show and all elements thereof, including but not limited to copyright and trademark thereto, are the property of Jeopardy Productions, Inc. and are protected under law. This website is not affiliated with, sponsored by, or operated by Jeopardy Productions, Inc. Join the discussion at JBoard.tv.